| 000 | 00698nam a22002297a 4500 | ||
|---|---|---|---|
| 001 | 000009408 | ||
| 005 | 20200929161602.0 | ||
| 008 | 920219s1989 cu 000 0 spa | ||
| 010 | _a92119129 | ||
| 040 |
_aDO-SdBNP _cDLC _dBNPHU |
||
| 082 |
_aCu863.44 _bA457s |
||
| 100 | 1 |
_aAlpízar Castillo, Rodolfo, _d1947- _924194 |
|
| 245 | 1 | 0 |
_aSobre un montón de lentejas / _cRodolfo Alpízar. |
| 260 |
_aCiudad de La Habana : _bUnión de Escritores y Artístas de Cuba, _cc1989. |
||
| 300 |
_a383 p. ; _c18 cm. |
||
| 490 | 0 | _aManjuarí | |
| 650 | 4 |
_aNovela cubana _92316 |
|
| 650 | 4 |
_aLiteratura cubana _91483 |
|
| 830 | 0 |
_aManjuarí _922456 |
|
| 910 | _aCatalogación por copia / LC | ||
| 049 | _aBNGR | ||
| 999 |
_c9168 _d9168 |
||